[Event "Rowy Seniors op 7th"]
[Site "Rowy"]
[Date "2003.09.08"]
[Round "9"]
[White "Komidzierski, Eugeniusz"]
[Black "Blernat, Stanislaw"]
[Result "0-1"]
[WhiteElo "2003"]
[BlackElo "1800"]
[PlyCount "73"]
[EventDate "2003.08.??"]
[EventType "swiss"]
[EventRounds "9"]
[EventCountry "POL"]
[SourceTitle "EXT 2006"]
[Source "ChessBase"]
[SourceDate "2005.11.24"]
[SourceVersion "1"]
[SourceVersionDate "2005.11.24"]
[SourceQuality "1"]

1. b4 e6 2. Bb2 d5 3. b5 Nf6 4. e3 c5 5. c4 Be7 6. Nf3 0-0 7. Nc3 b6 8. d4 Bb7 9. Be2 Nbd7 10. 0-0 Rc8 11. cxd5 Nxd5 12. Nxd5 Bxd5 13. Qa4 Rc7 14. dxc5 Nxc5 15. Qg4 Bf6 16. Bd4 Qe7 17. Ne5 Rfc8 18. Bf3 Bxe5 19. Bxe5 f5 20. Qg3 Rd7 21. Bxd5 Rxd5 22. Rac1 Rcd8 23. f3 R5d7 24. Bd4 Nd3 25. Rc6 e5 26. Ba1 f4 27. exf4 exf4 28. Qxg7+ Qxg7 29. Bxg7 Kxg7 30. g4 Ne5 31. Rc2 Rd2 32. Rc7+ R8d7 33. Rxd7+ Rxd7 34. Rf2 Nc4 35. h4 Rd2 36. Rxd2 Nxd2 37. Kg2 0-1

[Event "Rowy Seniors op 7th"]
[Site "Rowy"]
[Date "2003.09.04"]
[Round "5"]
[White "Bernhoeft, Erhard"]
[Black "Blernat, Stanislaw"]
[Result "1-0"]
[WhiteElo "2080"]
[BlackElo "1800"]
[PlyCount "125"]
[EventDate "2003.08.??"]
[EventType "swiss"]
[EventRounds "9"]
[EventCountry "POL"]
[SourceTitle "EXT 2006"]
[Source "ChessBase"]
[SourceDate "2005.11.24"]
[SourceVersion "1"]
[SourceVersionDate "2005.11.24"]
[SourceQuality "1"]

1. Nf3 e6 2. g3 d5 3. Bg2 c6 4. b3 f5 5. Bb2 Nf6 6. 0-0 Bd6 7. d3 0-0 8. Nbd2 Nbd7 9. c4 e5 10. cxd5 cxd5 11. Ng5 Qe8 12. Qc2 Qh5 13. Ne6 Rf7 14. Nc7 Bxc7 15. Qxc7 Qxe2 16. Rad1 e4 17. dxe4 fxe4 18. Ba3 Qa6 19. Nb1 Qb6 20. Qf4 Nc5 21. Bxc5 Qxc5 22. Rc1 Qb6 23. Nc3 Bd7 24. Rfd1 Bc6 25. Ne2 Raf8 26. Nd4 Bd7 27. Qe5 Re8 28. Qc7 Ref8 29. Qxb6 axb6 30. Rc7 Bc8 31. Rdc1 Rxc7 32. Rxc7 Rd8 33. Kf1 Ne8 34. Rc3 Bd7 35. f3 Nd6 36. Rc7 Nb5 37. Rxd7 Rxd7 38. Nxb5 e3 39. Nd4 Rc7 40. Ke2 Rc3 41. f4 Kf7 42. Bxd5+ Kf6 43. Bxb7 g5 44. fxg5+ Kxg5 45. Be4 h5 46. h3 Kf6 47. Bd3 Rc1 48. Kxe3 h4 49. gxh4 Rh1 50. Bf5 Re1+ 51. Kf4 Rf1+ 52. Nf3 Ra1 53. a4 Rc1 54. h5 Rc3 55. Nd4 Rc1 56. h6 Rd1 57. Ke4 Re1+ 58. Kd5 Re5+ 59. Kc6 Rc5+ 60. Kxb6 Rd5 61. h7 Kg7 62. Ne6+ Kh8 63. Bg4 1-0

[Event "Rowy Seniors op 7th"]
[Site "Rowy"]
[Date "2003.08.31"]
[Round "1"]
[White "Semeniuk, Adam"]
[Black "Blernat, Stanislaw"]
[Result "1/2-1/2"]
[WhiteElo "2067"]
[BlackElo "1800"]
[PlyCount "20"]
[EventDate "2003.08.??"]
[EventType "swiss"]
[EventRounds "9"]
[EventCountry "POL"]
[SourceTitle "EXT 2006"]
[Source "ChessBase"]
[SourceDate "2005.11.24"]
[SourceVersion "1"]
[SourceVersionDate "2005.11.24"]
[SourceQuality "1"]

1. c4 e6 2. Nc3 f5 3. g3 Nf6 4. Bg2 d5 5. e3 c6 6. b3 Bd6 7. d4 0-0 8. Nge2 Nbd7 9. Bb2 Qe8 10. Nf4 Ne4 1/2-1/2